000 00555nam a22001937a 4500
999 _c193380
_d193380
005 20221025163814.0
010 _aENG-135512
020 _c150.00
_a9788185063157
035 _aEN-119044
037 _bDBAD/PUB
082 _a270
100 _akhan, maulana wahiduddin
245 _aTabligh movement/
_cBy maulana wahiduddin khan; translated by farida khanam
260 _aNew delhi
_bThe islamic centre
270 _bNew delhi
300 _a64p.
_c22m(pbk)
700 _akhanam, farida
_etranslator
942 _2ddc
_cEN
_mKHA
_h270